000 01877nam a2200253 a 4500
001 BS0003756
003 BR-BrBNA
005 20230808142501.0
008 230308b |||||||| |||| 00| 0 por d
040 _aBR-BrBNA
_bpor
_cBiblioteca Nacional de Agricultura
041 _apor
072 _aB59
090 _aB59 BS0003756
100 1 _aKardec, Allan
245 1 _aO que é o espiritismo: noções elementares do mundo invisível, pelas manifestações do espíritos, com resumos dos princípios da doutrina espírita e resposta às principais objeções que podem ser apresentadas /
250 1 _a44. ed.
260 3 _aRio de Janeiro, RJ:
_bFederação Espírita Brasileira,
_c2001.
300 _a217 p.
500 _aTítulo original: Qu'est-ce que le spiritisme. Contendo a biografia de Allan Kardec por Henri Sausse.
520 3 _aObra sempre atual, útil aos adeptos da Doutrina Espírita, como também àqueles que desejam conhecer a natureza do Espiritismo e a definição de seus pontos fundamentais. A lógica e o bom senso de Alian Kardec aí se evidenciam, desconcertando os negativistas e clareando as indagações dos que acreditam e aspiram à vida superior. Divide-se em 3 capítulos: O primeiro, sob a forma de diálogos com um crítico, um céptico e um padre, traz respostas àqueles que desconhecem os princípios básicos da Doutrina, bem como apropriadas refutações aos seus contraditores. O segundo capítulo, expõe partes da ciência prática e experimental, caracterizando-se como um resumo de O Livro dos Médiuns. No terceiro capítulo, é publicado o resumo de O Livro dos Espíritos, com a solução, apontada pela Doutrina Espírita, de problemas de ordem psicológica, moral e filosófica. Contém também a biografia de Allan Kardec, por Henri Sausse.
650 _aESPIRITISMO
650 _aDOUTRINA ESPÍRITA
942 _cBK
_2AGRIS
999 _c8820
_d8820